|
|
|
|
| LEADER |
01028nam a22002537a 4500 |
| 001 |
30600 |
| 003 |
BD-DhAAL |
| 005 |
20241121105838.0 |
| 008 |
171130t1991 bg a|||| |||| 00| 0 eng d |
| 040 |
|
|
|a BD-DhAAL
|c BD-DhAAL
|
| 082 |
|
|
|2 22
|a 338.095492
|
| 245 |
|
|
|a Research reports.
|g (1991) :
|b economic studies,
|n Volume VII.
|
| 260 |
|
|
|a Dhaka :
|b Bangladesh Rural Advancement Committee (BRAC),
|c 1991
|
| 300 |
|
|
|a 432 pages :
|b illustrations ;
|c 30 cm.
|
| 362 |
|
|
|a Vol. 5
|
| 504 |
|
|
|a Includes bibliographical references
|
| 541 |
|
|
|e 30600
|a Complimentary copy from BRAC
|
| 610 |
|
|
|a BRAC
|9 14405
|
| 651 |
|
|
|a Bangladesh
|x Economic condition.
|9 24144
|
| 710 |
|
|
|a BRAC
|9 14405
|
| 852 |
|
|
|a Ayesha Abed Library
|c BRAC Resource Section
|
| 942 |
|
|
|2 ddc
|c BK
|
| 999 |
|
|
|c 38726
|d 38726
|
| 952 |
|
|
|0 0
|1 0
|2 ddc
|4 0
|6 338_095492000000000_RES
|7 1
|8 RPT
|9 62129
|a BRACUL
|b BRACUL
|c BRS
|d 2017-11-30
|e Complementary copy from BRAC
|l 0
|o 338.095492 RES
|p 3010030600
|r 2017-11-30
|t 1
|w 2017-11-30
|y BK
|x Complimentary copy from BRAC; Price not available in register.
|